[Event "BIH-chT 19th"]
[Site "Neum"]
[Date "2021.09.21"]
[Round "6.5"]
[White "Pisarevic, Goran"]
[Black "Maksimovic, Bojan"]
[Result "0-1"]
[WhiteElo "2234"]
[BlackElo "2432"]
[PlyCount "72"]
[EventDate "2021.09.17"]
[EventType "team-tourn"]
[EventRounds "9"]
[EventCountry "BIH"]
[SourceTitle "EXT 2023"]
[Source "ChessBase"]
[SourceDate "2022.10.05"]
[SourceVersion "1"]
[SourceVersionDate "2022.10.05"]
[SourceQuality "1"]
[WhiteTeam "Brcko Jedinstvo"]
[BlackTeam "Sarajevo Bosna"]
[WhiteTeamCountry "BIH"]
[BlackTeamCountry "BIH"]

1. e4 c5 2. Nf3 Nc6 3. d4 cxd4 4. Nxd4 g6 5. Nxc6 bxc6 6. Bc4 Bg7 7. 0-0 Nf6 8. Nc3 0-0 9. Bb3 d6 10. h3 a5 11. a4 Rb8 12. Be3 Nd7 13. Rb1 Ba6 14. Re1 Nc5 15. f4 Nxb3 16. cxb3 Bc8 17. Ne2 Be6 18. Nd4 Bd7 19. Qd3 c5 20. Nc2 Be6 21. b4 axb4 22. b3 Qa5 23. Bf2 Rfc8 24. Ne3 c4 25. bxc4 Qxa4 26. Nd5 Bxd5 27. exd5 Rb7 28. Re4 Bf6 29. g4 b3 30. c5 Qb5 31. Qe3 dxc5 32. g5 Bd4 33. Rxd4 cxd4 34. Qe5 Qd3 35. Bxd4 Qxb1+ 36. Kg2 Qc2+ 0-1

[Event "BIH-chT 19th"]
[Site "Neum"]
[Date "2021.09.17"]
[Round "1.5"]
[White "Mrndjic, Muamer"]
[Black "Pisarevic, Goran"]
[Result "0-1"]
[WhiteElo "2281"]
[BlackElo "2234"]
[PlyCount "76"]
[EventDate "2021.09.17"]
[EventType "team-tourn"]
[EventRounds "9"]
[EventCountry "BIH"]
[SourceTitle "EXT 2023"]
[Source "ChessBase"]
[SourceDate "2022.10.05"]
[SourceVersion "1"]
[SourceVersionDate "2022.10.05"]
[SourceQuality "1"]
[WhiteTeam "Sarajevo SK"]
[BlackTeam "Brcko Jedinstvo"]
[WhiteTeamCountry "BIH"]
[BlackTeamCountry "BIH"]

1. d4 f5 2. Nf3 Nf6 3. g3 g6 4. b3 Bg7 5. Bb2 0-0 6. Bg2 d6 7. 0-0 c6 8. c4 Ne4 9. Qc2 Nd7 10. Rd1 Ndf6 11. Nbd2 Be6 12. Nxe4 Nxe4 13. Ne1 d5 14. c5 Qc7 15. Nd3 Kh8 16. e3 g5 17. f3 Nf6 18. Nf2 Qd7 19. Nd3 Qc7 20. Rf1 Bg8 21. Rae1 h6 22. Ne5 Bh7 23. Qc1 Nd7 24. f4 Bf6 25. Qd1 e6 26. Rf2 Kg7 27. Bf1 Nxe5 28. dxe5 Be7 29. Bd4 b6 30. Rc2 b5 31. Bd3 a5 32. a3 a4 33. b4 Bg6 34. h3 Rac8 35. Rg2 h5 36. fxg5 Bxg5 37. g4 hxg4 38. hxg4 f4 0-1

[Event "BIH-chT 18th"]
[Site "Tuzla"]
[Date "2019.06.12"]
[Round "5.5"]
[White "Pisarevic, Goran"]
[Black "Maksimovic, Bojan"]
[Result "0-1"]
[WhiteElo "2215"]
[BlackElo "2295"]
[PlyCount "124"]
[EventDate "2019.06.08"]
[EventType "team-tourn"]
[EventRounds "9"]
[EventCountry "BIH"]
[SourceTitle "CBM 190 Extra"]
[Source "ChessBase"]
[SourceDate "2019.07.15"]
[SourceVersion "1"]
[SourceVersionDate "2019.07.15"]
[SourceQuality "1"]
[WhiteTeam "Samac"]
[BlackTeam "Sarajevo Bosna"]
[WhiteTeamCountry "BIH"]
[BlackTeamCountry "BIH"]

1. e4 c5 2. Nf3 e6 3. d4 cxd4 4. Nxd4 a6 5. Bd3 Nc6 6. Be3 Nf6 7. 0-0 Qc7 8. Nc3 Be7 9. Kh1 0-0 10. f4 d6 11. a3 Nxd4 12. Bxd4 e5 13. Be3 exf4 14. Bxf4 Be6 15. Qe2 Nd7 16. Qh5 Ne5 17. h3 g6 18. Qe2 Bf6 19. Rac1 Bg7 20. Nd1 Rac8 21. Ne3 Qb6 22. Bxe5 Bxe5 23. c3 Qc7 24. Qf3 Qe7 25. Kg1 h5 26. Rcd1 Qg5 27. Bc2 Rc5 28. Rf2 Kg7 29. Rff1 b5 30. Bd3 Qh4 31. Be2 Qg3 32. Qxg3 Bxg3 33. Rf3 Be5 34. Nc2 Rb8 35. Nb4 Rb6 36. Rfd3 Bb3 37. Rf1 a5 38. Nd5 Rb7 39. Rd2 Bxd5 40. exd5 h4 41. Kf2 f5 42. Ke3 Kf6 43. Ra1 Kg5 44. Rf1 Bg3 45. Rd3 b4 46. cxb4 axb4 47. a4 Re7+ 48. Kd2 Bf4+ 49. Rxf4 Kxf4 50. Bf3 Ke5 51. Re3+ Kf6 52. Rxe7 Kxe7 53. Kd3 Kf6 54. a5 Rxa5 55. Kc4 Ke5 56. Kxb4 Ra2 57. b3 g5 58. Kc4 g4 59. hxg4 fxg4 60. Bxg4 Rxg2 61. Be6 Rg3 62. b4 h3 0-1

[Event "BIH-chT 18th"]
[Site "Tuzla"]
[Date "2019.06.10"]
[Round "3.4"]
[White "Pisarevic, Goran"]
[Black "Sadikovic, Jasmin"]
[Result "1/2-1/2"]
[WhiteElo "2215"]
[BlackElo "2035"]
[PlyCount "72"]
[EventDate "2019.06.08"]
[EventType "team-tourn"]
[EventRounds "9"]
[EventCountry "BIH"]
[SourceTitle "CBM 190 Extra"]
[Source "ChessBase"]
[SourceDate "2019.07.15"]
[SourceVersion "1"]
[SourceVersionDate "2019.07.15"]
[SourceQuality "1"]
[WhiteTeam "Samac"]
[BlackTeam "Gorazde"]
[WhiteTeamCountry "BIH"]
[BlackTeamCountry "BIH"]

1. e4 c5 2. Nf3 Nc6 3. d4 cxd4 4. Nxd4 d6 5. Nc3 Nf6 6. Be2 a6 7. Be3 Nxd4 8. Bxd4 e5 9. Be3 Be7 10. a4 Be6 11. Bf3 0-0 12. 0-0 b6 13. Qd2 Qc7 14. Rfd1 Rfd8 15. h3 Rab8 16. Bg5 h6 17. Bxf6 Bxf6 18. Be2 Ra8 19. Bg4 Qc6 20. Bxe6 fxe6 21. Qd3 Be7 22. Qf3 Rf8 23. Qg4 Rf6 24. Rd3 Kh7 25. Rg3 g6 26. Rf3 Rxf3 27. Qxf3 Rf8 28. Qd3 Qc5 29. Rf1 Qc8 30. g3 Kg7 31. Kg2 Rd8 32. Rd1 Rf8 33. Rd2 Rd8 34. Re2 Qb7 35. Rd2 Qc8 36. Qe2 Rf8 1/2-1/2

[Event "BIH-chT 17th"]
[Site "Jahorina"]
[Date "2018.06.10"]
[Round "9.5"]
[White "Mitrovic, Jovica"]
[Black "Pisarevic, Goran"]
[Result "0-1"]
[WhiteElo "2134"]
[BlackElo "2204"]
[PlyCount "62"]
[EventDate "2018.06.02"]
[EventType "team-tourn"]
[EventRounds "9"]
[EventCountry "BIH"]
[SourceTitle "CBM 184 Extra"]
[Source "ChessBase"]
[SourceDate "2018.06.28"]
[SourceVersion "1"]
[SourceVersionDate "2018.06.28"]
[SourceQuality "1"]
[WhiteTeam "Bratunac"]
[BlackTeam "Samac"]
[WhiteTeamCountry "BIH"]
[BlackTeamCountry "BIH"]

1. e4 e5 2. Nf3 Nc6 3. Bb5 a6 4. Ba4 Nf6 5. 0-0 Be7 6. Re1 b5 7. Bb3 0-0 8. c3 d6 9. h3 Bb7 10. d4 h6 11. Nbd2 Re8 12. Nf1 Bf8 13. Ng3 g6 14. Nh2 Bg7 15. f4 Na5 16. Bc2 Kh7 17. f5 d5 18. dxe5 Nxe4 19. Nxe4 dxe4 20. f6 Bf8 21. Bf4 Nc4 22. b3 Nxe5 23. Qxd8 Raxd8 24. Bxe4 Bxe4 25. Rxe4 Nd7 26. Rxe8 Rxe8 27. Bxc7 Bc5+ 28. Kf1 Nxf6 29. Re1 Ne4 30. Nf3 Re7 31. Be5 Rxe5 0-1

[Event "BIH-chT 17th"]
[Site "Jahorina"]
[Date "2018.06.02"]
[Round "1.2"]
[White "Pisarevic, Goran"]
[Black "Matijevic, Jure"]
[Result "1-0"]
[WhiteElo "2204"]
[BlackElo "2037"]
[PlyCount "72"]
[EventDate "2018.06.02"]
[EventType "team-tourn"]
[EventRounds "9"]
[EventCountry "BIH"]
[SourceTitle "CBM 184 Extra"]
[Source "ChessBase"]
[SourceDate "2018.06.28"]
[SourceVersion "1"]
[SourceVersionDate "2018.06.28"]
[SourceQuality "1"]
[WhiteTeam "Samac"]
[BlackTeam "Siroki Brijeg"]
[WhiteTeamCountry "BIH"]
[BlackTeamCountry "BIH"]

1. e4 c5 2. Nf3 e6 3. d4 cxd4 4. Nxd4 Nc6 5. Nc3 Be7 6. Be2 a6 7. 0-0 Qc7 8. Be3 Nf6 9. f4 d6 10. a4 0-0 11. Kh1 Nd7 12. Qe1 Nxd4 13. Bxd4 Bf6 14. Qf2 b6 15. Rad1 Bb7 16. Bxf6 Nxf6 17. Bf3 Rad8 18. Qg3 Rfe8 19. e5 dxe5 20. Bxb7 exf4 21. Qf3 Rxd1 22. Rxd1 e5 23. Be4 Rd8 24. Rxd8+ Qxd8 25. Qd3 Qe7 26. Qxa6 g6 27. Qe2 h5 28. Bf3 Kg7 29. h3 Nh7 30. Qe4 Qd6 31. Qd5 Qe7 32. Ne4 Nf8 33. Qd6 Qe8 34. Qc7 Qxa4 35. Qxe5+ Kh6 36. Qxf4+ Kg7 1-0

[Event "BIH-chT 16th"]
[Site "Sarajevo"]
[Date "2017.08.29"]
[Round "7.3"]
[White "Barisic, Predrag"]
[Black "Pisarevic, Goran"]
[Result "0-1"]
[WhiteElo "2038"]
[BlackElo "2165"]
[PlyCount "56"]
[EventDate "2017.08.24"]
[EventType "team-tourn"]
[EventRounds "9"]
[EventCountry "BIH"]
[SourceTitle "CBM 180 Extra"]
[Source "ChessBase"]
[SourceDate "2017.10.06"]
[SourceVersion "1"]
[SourceVersionDate "2017.10.06"]
[SourceQuality "1"]
[WhiteTeam "Kiseljak"]
[BlackTeam "Samac"]
[WhiteTeamCountry "BIH"]
[BlackTeamCountry "BIH"]

1. d4 Nf6 2. Nf3 e6 3. c4 c5 4. e3 b6 5. Nc3 Bb7 6. Be2 g6 7. b3 Qc7 8. Bb2 Bg7 9. h3 0-0 10. Qc2 Nc6 11. 0-0 Ne7 12. Rfd1 Rac8 13. a4 cxd4 14. exd4 Rfd8 15. Qd2 Nf5 16. Qd3 Nh5 17. Bc1 Nf4 18. Bxf4 Qxf4 19. g3 Qh6 20. Ne5 Qxh3 21. Bf3 Bxf3 22. Nxf3 d5 23. cxd5 exd5 24. Ne2 Bh6 25. Ra2 Rc6 26. Rc2 Rxc2 27. Qxc2 Re8 28. Ne5 Ne3 0-1

[Event "BIH-chT 16th"]
[Site "Sarajevo"]
[Date "2017.08.24"]
[Round "1.5"]
[White "Pisarevic, Goran"]
[Black "Cunjalo, Faris"]
[Result "1/2-1/2"]
[WhiteElo "2165"]
[BlackElo "2054"]
[PlyCount "80"]
[EventDate "2017.08.24"]
[EventType "team-tourn"]
[EventRounds "9"]
[EventCountry "BIH"]
[SourceTitle "CBM 180 Extra"]
[Source "ChessBase"]
[SourceDate "2017.10.06"]
[SourceVersion "1"]
[SourceVersionDate "2017.10.06"]
[SourceQuality "1"]
[WhiteTeam "Samac"]
[BlackTeam "Zenica Celik"]
[WhiteTeamCountry "BIH"]
[BlackTeamCountry "BIH"]

1. e4 c6 2. d4 d5 3. Nc3 dxe4 4. Nxe4 Nf6 5. Nxf6+ exf6 6. Bc4 Bd6 7. Qe2+ Qe7 8. Qxe7+ Kxe7 9. Ne2 Bf5 10. Bb3 Na6 11. Bf4 Nc7 12. 0-0-0 Bxf4+ 13. Nxf4 Rhd8 14. f3 Kf8 15. Rhe1 g5 16. Nh5 Ne8 17. g4 Bg6 18. Ng3 Nd6 19. c3 Re8 20. a4 Rxe1 21. Rxe1 a6 22. Bc2 Re8 23. Rxe8+ Kxe8 24. b3 Ke7 25. c4 Ke6 26. c5 Ne8 27. Be4 Ng7 28. b4 f5 29. Bc2 fxg4 30. Bb3+ Kd7 31. fxg4 h5 32. gxh5 Nxh5 33. d5 Nxg3 34. hxg3 cxd5 35. Bxd5 Kc7 36. Kd2 b6 37. a5 bxa5 38. bxa5 f5 39. Ke3 Be8 40. Be6 f4+ 1/2-1/2

[Event "BIH-chT 14th"]
[Site "Prijedor"]
[Date "2015.09.13"]
[Round "9.5"]
[White "Komic, Ibrahim"]
[Black "Pisarevic, Goran"]
[Result "1-0"]
[WhiteElo "2218"]
[BlackElo "2178"]
[PlyCount "87"]
[EventDate "2015.09.05"]
[EventType "team-tourn"]
[EventRounds "9"]
[EventCountry "BIH"]
[SourceTitle "EXT 2016"]
[Source "ChessBase"]
[SourceDate "2015.10.08"]
[SourceVersion "1"]
[SourceVersionDate "2015.10.08"]
[SourceQuality "1"]
[WhiteTeam "Bihac"]
[BlackTeam "Samac"]
[WhiteTeamCountry "BIH"]
[BlackTeamCountry "BIH"]

1. Nf3 Nf6 2. g3 b5 3. Bg2 Bb7 4. c3 c5 5. Qb3 a6 6. a4 c4 7. Qc2 e6 8. axb5 axb5 9. Rxa8 Bxa8 10. 0-0 Be7 11. b3 0-0 12. Ba3 Bd5 13. Nd4 cxb3 14. Qb2 Bxa3 15. Nxa3 b4 16. cxb4 Qb6 17. b5 Bxg2 18. Kxg2 h5 19. Nf3 Rc8 20. Qxb3 d6 21. d3 Nbd7 22. Nc4 Qb8 23. b6 d5 24. b7 Rc6 25. Qa4 Rc5 26. Na5 Qa7 27. Ra1 Rc7 28. Qb5 Nb8 29. d4 g6 30. e3 Kg7 31. Ne5 g5 32. Rb1 Rc2 33. Qb6 Qxb6 34. Rxb6 Ne4 35. Nac6 Nxf2 36. Nxb8 Ng4+ 37. Kf1 Nxe3+ 38. Kg1 h4 39. gxh4 gxh4 40. h3 Rg2+ 41. Kh1 Rd2 42. Nbd7 Nd1 43. b8Q Nf2+ 44. Kg2 1-0

[Event "Srpska Republic-chT 1st League"]
[Site "Banja Vrucica"]
[Date "2014.08.17"]
[Round "9.1"]
[White "Bakic, Aleksandar"]
[Black "Pisarevic, Goran"]
[Result "0-1"]
[WhiteElo "1956"]
[BlackElo "2190"]
[PlyCount "60"]
[EventDate "2014.08.09"]
[EventType "team-tourn"]
[EventRounds "9"]
[EventCountry "BIH"]
[SourceTitle "EXT 2016"]
[Source "ChessBase"]
[SourceDate "2015.10.08"]
[SourceVersion "1"]
[SourceVersionDate "2015.10.08"]
[SourceQuality "1"]
[WhiteTeam "Kozarska Dubica"]
[BlackTeam "Samac"]
[WhiteTeamCountry "BIH"]
[BlackTeamCountry "BIH"]

1. e4 e5 2. Nf3 Nc6 3. Bb5 a6 4. Ba4 Nf6 5. 0-0 Be7 6. Re1 b5 7. Bb3 d6 8. c3 0-0 9. h3 Bb7 10. d4 h6 11. Nbd2 Re8 12. Nf1 Bf8 13. Ng3 g6 14. d5 Na5 15. Bc2 c6 16. dxc6 Bxc6 17. a4 Qc7 18. axb5 axb5 19. Nh2 Bg7 20. Ng4 Nxg4 21. Qxg4 Qe7 22. f4 exf4 23. Bxf4 Nc4 24. Rab1 Bd7 25. Qd1 Qh4 26. Ne2 Be5 27. Bxe5 Rxe5 28. Nd4 Bxh3 29. gxh3 Rg5+ 30. Kf1 Qxh3+ 0-1

[Event "Srpska Republic-chT 1st League"]
[Site "Banja Vrucica"]
[Date "2014.08.12"]
[Round "4.3"]
[White "Pisarevic, Goran"]
[Black "Djeric, Nenad"]
[Result "0-1"]
[WhiteElo "2190"]
[BlackElo "2116"]
[PlyCount "104"]
[EventDate "2014.08.09"]
[EventType "team-tourn"]
[EventRounds "9"]
[EventCountry "BIH"]
[SourceTitle "EXT 2016"]
[Source "ChessBase"]
[SourceDate "2015.10.08"]
[SourceVersion "1"]
[SourceVersionDate "2015.10.08"]
[SourceQuality "1"]
[WhiteTeam "Samac"]
[BlackTeam "Termag Gorski"]
[WhiteTeamCountry "BIH"]
[BlackTeamCountry "BIH"]

1. e4 e5 2. Nf3 Nc6 3. Bb5 a6 4. Ba4 d6 5. c3 Bd7 6. 0-0 Nge7 7. Re1 Ng6 8. h3 Be7 9. d4 0-0 10. Be3 Kh8 11. Nbd2 Qc8 12. Bc2 Nd8 13. d5 f5 14. exf5 Bxf5 15. Nf1 Bxc2 16. Qxc2 Rxf3 17. Ng3 Rf8 18. c4 Bh4 19. Ne4 Qf5 20. c5 Be7 21. b4 Nf7 22. Qc4 Ng5 23. Bxg5 Bxg5 24. a4 Be7 25. Ra2 Nf4 26. Re3 Qf7 27. Rd2 Rad8 28. Ra3 Qg6 29. Rg3 Qf5 30. Re3 Qd7 31. Nc3 Ra8 32. c6 Qc8 33. a5 bxc6 34. Qxc6 Ra7 35. Ra2 Qf5 36. Qc4 Qg6 37. Rg3 Qh6 38. b5 Nh5 39. Re3 Bg5 40. Re4 Bd2 41. b6 cxb6 42. axb6 Raf7 43. Nd1 a5 44. Qc6 Bb4 45. b7 Bc5 46. Ne3 Qg6 47. Raa4 Bxe3 48. Rxe3 Qb1+ 49. Kh2 Rxf2 50. Ra1 Qxa1 51. Rf3 R2xf3 52. Qxd6 Rf1 0-1

[Event "BIH-chT Cup"]
[Site "Banja Vrucica"]
[Date "2013.08.17"]
[Round "8"]
[White "Marjanovic, Dejan"]
[Black "Pisarevic, Goran"]
[Result "1/2-1/2"]
[WhiteElo "2219"]
[BlackElo "2187"]
[PlyCount "68"]
[EventDate "2013.08.10"]
[EventType "team-tourn"]
[EventRounds "9"]
[EventCountry "BIH"]
[SourceTitle "CBM 155 Extra"]
[Source "ChessBase"]
[SourceDate "2013.08.26"]
[SourceVersion "1"]
[SourceVersionDate "2013.08.26"]
[SourceQuality "1"]

1. e4 e5 2. Bc4 Nf6 3. d3 Nc6 4. Nf3 Be7 5. 0-0 0-0 6. a4 d5 7. exd5 Nxd5 8. h3 Be6 9. Re1 Bf6 10. a5 a6 11. c3 Re8 12. Qb3 Rb8 13. Be3 b5 14. axb6 Nxe3 15. Bxe6 Rxe6 16. Rxe3 Rxb6 17. Qc2 Qb8 18. Ra2 h6 19. Nbd2 Be7 20. Nc4 Rb5 21. Qe2 Bg5 22. Nxg5 hxg5 23. Qg4 a5 24. Qxg5 Qb7 25. Rg3 Rg6 26. Qh4 Rxg3 27. Qxg3 Rd5 28. Qf3 Qb5 29. Nxa5 Nxa5 30. c4 Qb3 31. Qxd5 Qxa2 32. Qd8+ Kh7 33. Qxc7 Qxb2 34. Qxa5 Qc1+ 1/2-1/2

[Event "Srpska Republic-chT 1st League"]
[Site "Trebinje"]
[Date "2009.08.10"]
[Round "1"]
[White "Bozic, Milan"]
[Black "Pisarevic, Goran"]
[Result "1-0"]
[WhiteElo "2439"]
[BlackElo "2204"]
[PlyCount "80"]
[EventDate "2009.08.10"]
[EventType "team-tourn"]
[EventRounds "9"]
[EventCountry "BIH"]
[SourceTitle "EXT 2019"]
[Source "ChessBase"]
[SourceDate "2018.10.10"]
[SourceVersion "1"]
[SourceVersionDate "2018.10.10"]
[SourceQuality "1"]

1. Nf3 Nf6 2. d4 g6 3. g3 Bg7 4. Bg2 0-0 5. 0-0 d6 6. c4 Nbd7 7. Nc3 e5 8. e4 c6 9. b3 Re8 10. Bb2 Qc7 11. Qc2 a5 12. Rad1 exd4 13. Rxd4 Ng4 14. Rd2 Bh6 15. Rdd1 Nc5 16. h3 Ne5 17. Nd4 Bg7 18. f4 Ned7 19. Rd2 Nf6 20. Rfd1 Qe7 21. Re2 Nh5 22. Kh2 Qc7 23. Qd2 Be6 24. Bf3 Nf6 25. Ba3 Nfd7 26. Rde1 Rad8 27. f5 Bxd4 28. Qxd4 Ne5 29. Bg2 Bc8 30. Rd1 b6 31. Rf2 Qe7 32. Bc1 f6 33. g4 g5 34. Ne2 h6 35. Ng3 Bb7 36. Qc3 Ra8 37. Be3 Ncd7 38. Rfd2 Nf7 39. Nh5 c5 40. Bf2 Nde5 1-0